000 00269nam a22001337a 4500
003 SGT
082 _a615
_bDAS
100 _aDAS, M.M.
245 _aPHARMACOLOGY
260 _aINDIA
_bANUBHA PUB.
_c2001
300 _a440
650 _aPHARMACOLOGY
942 _2ddc
_cBK
999 _c32400
_d32400